La comunicacin̤ interna en la Administracin̤ Pb︢lica espaǫla Claves para innovar /

Detalles Bibliográficos
Autor principal: Crespo Martn̕ez, Ismael
Otros Autores: Nicolini, Cecicilia, Parodi, Juan
Formato: eBook
Lenguaje:español
Publicado: Madrid: Instituto Nacional de Administracin̤ Pb︢lica (INAP), 2015
Materias:
Acceso en línea:Acceso restringido

MARC

LEADER 00000nam a22000007a 4500
005 20150812215052.0
007 cr|||| ||||
008 150812s2015 es |||||s|||| 00||0 spa d
020 |a 978-84-7351-439-2 
035 |a 12817 
040 |a vLex 
090 |c 5522  |d 5522 
100 1 |a Crespo Martn̕ez, Ismael 
245 1 3 |a La comunicacin̤ interna en la Administracin̤ Pb︢lica espaǫla  |h [Recurso electrn̤ico] :  |b Claves para innovar /  |c Ismael Crespo Martn̕ez, Cecicilia Nicolini, Juan Parodi 
256 |a Servicio en ln̕ea 
260 |a Madrid:  |b Instituto Nacional de Administracin̤ Pb︢lica (INAP),  |c 2015 
300 |a 1 recurso electrn̤ico 
506 1 |a Disponible solo en los productos indicados  |d vLex Global  |d vLex Global (Academic Edition, excluding Law Schools)  |d vLex Global (U.S. Academic Edition, Law Schools)  |d vLex Global (U.S. Academic Edition, excluding Law Schools)  |d vLex Global (Academic Edition, Law Schools) 
650 0 4 |a Derecho Pb︢lico y Administrativo  |z Espaą 
700 1 |a Nicolini, Cecicilia 
700 1 |a Parodi, Juan 
740 0 |a vLex Libros (Servicio en ln̕ea) 
856 4 0 |u http://vlex.com/source/comunicacion-interna-administracion-publica-espa-ola-12817  |z Acceso restringido 
942 |c BOOK 
999 0 |a Public and Administrative Law